deja vu - Olivia Rodrigo (All Lyrics) - Statistics

General Stats
  • This quiz has been taken 47 times
    44 since last reset
  • The average score is 240 of 284
Answer Stats
Lyrics % Correct
A
100%
I
100%
(I
100%
to
100%
you
100%
you?
100%
you)
100%
Do
97%
do
97%
her
97%
her,
97%
it
97%
She
97%
she
97%
we
97%
deja vu
95%
deja vu?
95%
get
95%
on
95%
she's
95%
that
95%
that,
95%
That
95%
when
95%
be
92%
but
92%
did
92%
one
92%
so
92%
So
92%
tell
92%
the
92%
two
92%
all
89%
And
89%
and
89%
ice cream,
89%
ice cream
89%
it's
89%
Malibu
89%
special,
89%
Strawberry
89%
think
89%
thinks
89%
was
89%
with
89%
Car
86%
for
86%
gonna
86%
in
86%
In
86%
spoon
86%
too?
86%
too
86%
bet
84%
know
84%
Oh
84%
rides
84%
your
84%
looks
81%
singin'
81%
small
81%
who
81%
how
78%
reused
78%
reused)
78%
you're
78%
You're
78%
Billy Joel
76%
used
76%
call
73%
'Cause
73%
jackets
73%
just
73%
knows
73%
Laughin'
73%
love
73%
Play
73%
say
73%
between
70%
even
70%
like
70%
name?
70%
played
70%
Played
70%
together
70%
about
68%
act
68%
doesn't
68%
Don't
68%
friends,
68%
jokes
68%
my
68%
shit,
68%
taught
68%
tradin'
68%
'bout
65%
chorus
65%
didn't
65%
first
65%
found
65%
kinda
65%
our
65%
place,
65%
same
65%
sayin,
65%
show
65%
songs
65%
type
65%
unique,
65%
(Yeah,
65%
Bein'
62%
everything
62%
hate
62%
is
62%
Now
62%
now
62%
now,
62%
of
62%
"Uptown Girl"
62%
verse
62%
harmony
59%
honest,
59%
let's
59%
piano,
59%
singing
59%
sound
59%
Watching
57%
annoying,
54%
braggin'
54%
girl
54%
Glee
54%
made
54%
nothing
54%
talked
54%
new
51%
reruns
51%
actress
49%
almost
49%
Another
49%
different
49%
there's
49%
huh?
38%
Hmm
14%
No matching quizzes found
Score Distribution
Percent of People with Each Score
Percentile by Number Answered
Your Score History
You have not taken this quiz since the last reset